000 00872nas a2200277 4500
001 BR0500109
003 BR-BrBNA
005 20231205105042.0
007 ta
008 230509b bl.|||p| |||| 00| 00por d
040 _aBR-BrBNA
_bpor
_cBiblioteca Nacional de Agricultura
041 _a(Pt)
072 _aE50; E80
100 1 _aSchild, A.L. dos S.
100 1 _aGoulart, L.X.
100 1 _aVan Der Laan, B.M.
245 1 _aCaracterização das famílias residentes no núcleo habitacional do Fragata-Cohab, Pelotas-RS
650 _aFAMÍLIA
650 _aHABITAÇÃO
650 _aSOCIOLOGIA
650 _aECONOMIA DOMÉSTICA
650 _aRIO GRANDE DO SUL
773 0 _tOIKOS - Revista Brasileira de Economia Doméstica (Brazil)
_xISSN 0101-5273
_g(1988), v. 5(2) p. 66-73
_wBR0500109
909 _a202311
_bLúcia
_c55
_dLúcia Elande
942 _2AGRIS
_n0
_cANA
999 _c180993
_d180993